La cárcel de Madrid / (Record no. 48065)

MARC details
000 -LEADER
campo de control de longitud fija 00653nam a22002055i 4500
001 - NÚMERO DE CONTROL
campo de control 48065
003 - IDENTIFICADOR DE NÚMERO DE CONTROL
campo de control ES-MaACL
005 - FECHA Y HORA DE LA ÚLTIMA TRANSACCIÓN
campo de control 20240523123542.0
007 - CAMPO FIJO DE DESCRIPCIÓN FÍSICA--INFORMACIÓN GENERAL
campo de control de longitud fija t|
008 - DATOS DE LONGITUD FIJA--INFORMACIÓN GENERAL
campo de control de longitud fija 950206s1884 sp ||||1| spa d
040 ## - FUENTE DE CATALOGACIÓN
Centro catalogador/agencia de origen CLM
Lengua de catalogación spa
Centro/agencia transcriptor CCPB | PA2
100 1# - ENTRADA PRINCIPAL--NOMBRE DE PERSONA
Nombre de persona Cuesta y Sánchez, Patricio.
9 (RLIN) 42071
245 13 - MENCIÓN DEL TÍTULO
Título La cárcel de Madrid /
Mención de responsabilidad, etc. por Patricio Cuesta y Sanchez.
260 ## - PUBLICACIÓN, DISTRIBUCIÓN, ETC.
Lugar de publicación, distribución, etc. Madrid :
Nombre del editor, distribuidor, etc. [s.n.],
Fecha de publicación, distribución, etc. 1884 (
Fabricante Tipografía de Manuel G. Hernández)
300 ## - DESCRIPCIÓN FÍSICA
Extensión 256, [6] h. de lám. ;
Dimensiones 23 cm.
500 ## - NOTA GENERAL
Nota general Apéndices : pp. 185-[257]
852 ## - LOCALIZACIÓN
Ubicación ES-MaACL
Número de control de estantería R-3304
itemnumber 49886
Ubicación en estantería Depósito
Signatura antigua Olim: G-6100
942 ## - ELEMENTOS DE ENTRADA SECUNDARIOS (KOHA)
Fuente del sistema de clasificación o colocación Clasificación decimal universal
Holdings
Estatus retirado Estado de pérdida Estado de daño No para préstamo Colección Biblioteca de origen Biblioteca actual Ubicación en estantería Fecha de adquisición Fuente de adquisición Total de préstamos Signatura topográfica completa Código de barras Visto por última vez Precio de reemplazo Tipo de ítem Koha
        Libros del s. XIX Biblioteca del Ateneo de Madrid Biblioteca del Ateneo de Madrid Depósito 17/01/2008     R-3304 1050587 23/02/2023 23/02/2023 Libro impreso antiguo